heartache medication - jon pardi - Statistics

General Stats
  • This quiz has been taken 44 times
  • The average score is 190 of 239
Answer Stats
% Correct
me
100%
heartache
97%
i
97%
my
97%
a
94%
again
94%
drink
94%
drinkin
94%
go
94%
got
94%
i
94%
im
94%
medication
94%
mind
94%
of
94%
and
90%
bartender
90%
gettin
90%
here
90%
knows
90%
name
90%
on
90%
one
90%
over
90%
strong
90%
the
90%
to
90%
two
90%
you
90%
but
87%
don't
87%
up
87%
dedication
84%
old
84%
right
84%
same
84%
she
84%
turnin
84%
loose
81%
serves
81%
work
81%
week
77%
kicks
74%
neon
74%
off
74%
that
74%
end
71%
time
71%
enough
68%
jukebox
68%
it
65%
take
65%
dive
61%
hardwood
61%
suits
61%
fine
58%
in
58%
well
58%
good
52%
lost
52%
country
48%
alright
45%
dance
45%
feelin
45%
heres
45%
song
45%
another
42%
girl
42%
halfway
42%
bubbles
39%
into
39%
teardrops
39%
yeah
39%
doubles
32%
singles
29%
little
23%
trouble
23%
some
19%
find
16%
away
13%
later
13%
probably
13%
takin
13%
ill
10%
oh
3%
em
0%
No matching quizzes found
Score Distribution
Percent of People with Each Score
Percentile by Number Answered
Your Score History
You have not taken this quiz